| Registos Bibliográficos associados ao registo de autoridade |
|
Etiqueta de registo: 00254nam 2200025 450 001 2153954 003 http://id.bnportugal.gov.pt/bib/catbnp/2153954 010 ## $a978-989-53837-7-1 021 ## $aPT$b516013/23 100 ## $a20240124d2023 m y0pory01030103ba 101 0# $apor 102 ## $aPT 105 ## $aa t 000yy 106 ## $ar 200 1# $aEm busca do Tintin perdido$e uma fantasia autobiográfica$fRicardo Leite$gcoord. José Hartvig de Freitas 205 ## $a1ª ed 210 #9 $aPrior Velho$cA Seita,$d2023 215 ## $a219, [3] p.$ctodo il.$d30 cm 675 ## $a087.5$vBN$zpor$3287999 675 ## $a741(=1:81)"19/20"$vBN$zpor$31549404 675 ## $a821.134.3(81)-9"19/20"$vBN$zpor$31380422 700 #1 $aLeite,$bRicardo,$f1957-$31904902 702 #1 $94$aFreitas,$bJosé de,$f1964-$4340$31400181 801 #0 $aPT$bBN$gRPC 856 41 $uhttp://rnod.bnportugal.gov.pt/ImagesBN/winlibimg.aspx?skey=&doc=2153954&img=188338&save=true 900 ## $aBIBNAC$d20240219 966 ## $lBN$mFGMON$sP. 65399 V.$x1 966 ## $lBN$mFGMON$sP. 65399 V.-D$x1 971 ## $cabrito$d20240124 972 ## $e0$z0$d20240219$viquintas 973 ## $cacosta$d20240126
Etiqueta de registo: 00254nam 2200025 450 001 2283797 003 http://id.bnportugal.gov.pt/bib/catbnp/2283797 010 ## $a978-989-9267-43-5 021 ## $aPT$b560438/26 100 ## $a20260407d2026 m y0pory01030103ba 101 0# $apor 102 ## $aPT 105 ## $aa z 000yy 106 ## $ar 200 1# $a O pobre é como o porco$eaproveita-se tudo!$fDiniz Cayolla Ribeiro$gil. Ricardo Leite 205 ## $a1ª ed 210 #9 $aPorto$cBook Cover,$d2026 215 ## $a63 p.$cil.$d21 cm 700 #1 $aRibeiro,$bDinis Cayolla,$f1968-$31450430 702 #1 $aLeite,$bRicardo,$f1957-$4440$31904902 801 #0 $aPT$bBN$gRPC 966 ## $lBN$mFGMON$x1 966 ## $lBN$mFGMON$x1 971 ## $cisantos$d20260407
|
|
|